K niektorým aspektom dopadu vstupu do EÚ na zahraničnoobchodnú politiku Slovenskej republiky

Zmeny zahraničnoobchodnej politiky SR po vstupe do EÚ. Ťažiskové zmeny v súvislosti s cieľovou snahou zvýšiť konkurencieschopnosť domácej ekonomiky, tak na úrovni štátu ako aj firiem a podnikov. Autori zvýrazňujú najmä cenovú a necenovú konkurencieschopnosť, pričom ich dáva do súvislosti aj s perspe...

Ausführliche Beschreibung

Gespeichert in:
Bibliographische Detailangaben
1. Verfasser: Baláž, Peter
Weitere Verfasser: Trenčianska, Elena
Format: Buchkapitel
Sprache:Slowakisch
Schlagworte:
Tags: Tag hinzufügen
Keine Tags, Fügen Sie das erste Tag hinzu!

MARC

LEADER 00000naa$a2200000$$$4500
001 0070305
005 20240502071838.4
041 0 |a slo 
044 |a SK 
245 1 0 |a K niektorým aspektom dopadu vstupu do EÚ na zahraničnoobchodnú politiku Slovenskej republiky  |c Peter Baláž, Elena Trenčianska 
520 |a Zmeny zahraničnoobchodnej politiky SR po vstupe do EÚ. Ťažiskové zmeny v súvislosti s cieľovou snahou zvýšiť konkurencieschopnosť domácej ekonomiky, tak na úrovni štátu ako aj firiem a podnikov. Autori zvýrazňujú najmä cenovú a necenovú konkurencieschopnosť, pričom ich dáva do súvislosti aj s perspektívnym zámerom SR stať sa tzv. poznatkovou ekonomikou. Tá by v konečnom dôsledku ovplyvnila aj budúcu štruktúru slovenskej ekonomiky ako takej a umožnila, aby sa zahraničnoobchodná politika SR začala uberať dlhodobo perspektívnym smerom. 
610 2 0 |a Slovensko 
610 2 0 |a Európska únia 
610 2 0 |a politika zahraničnoobchodná 
610 2 0 |a konkurencieschopnosť 
610 2 0 |a ceny 
610 2 0 |a ekonomika vedomostná 
100 1 |a Baláž, Peter 
700 1 |a Trenčianska, Elena